=LDR 00000nam 2200000 4500 =001 000433 =005 20250710040714 =035 ##$$a 0010-0725000295 =007 ta =008 250710################a##########0#ind## =020 ##$$a 978-623-307-262-5 =082 ##$$a 398.209 598 =084 ##$$a 398.209 598 GOW g =100 #$$a Gowda, Venkatramana =245 1#$$a Gagak yang Murah Hati /$c Venkatramana Gowda =250 ##$$a Cetakan Pertama =260 ##$$a Jakarta Timur :$b Badan Pengembangan dan Pembinaan Bahasa,$c 2022 =300 ##$$a 18 hal : $b ilus. ; $c 29 cm =650 #4$$a Literasi-Bahan Bacaan =600 #4$$a Cerita anak Indonesia - Terjemahan =856 ##$$a TBM AS SUHADA =990 ##$$a TBM01570157